| 000 | 00602nam a22001815i 4500 | ||
|---|---|---|---|
| 001 | 166611 | ||
| 003 | ES-MaACL | ||
| 005 | 20230906213352.0 | ||
| 008 | 030205s1860 fr |||| | fre d | ||
| 040 |
_aCCPB | B _bspa _cCCPB | B |
||
| 100 | 1 |
_aTrémoulet. _9133404 |
|
| 245 | 1 | 3 |
_aLe régime hypothécaire et le sens commun / _cpar M. Trémoulet. |
| 260 |
_aParis : _bCotillon, libraire, _c1860 ( _fimprimerie de Xavier Duteïs) |
||
| 300 |
_a226 p., [2] h. pleg. ; _c21 cm. |
||
| 650 | 4 |
_aHipotecas- _xLegislación. _9136231 |
|
| 752 |
_aFrancia - _dParís |
||
| 852 |
_aES-MaACL _jC-3306 _z-- Rust. |
||
| 999 |
_c166611 _d166611 |
||